000 00916cam a22002771 4500
999 _c129575
_d129575
001 8445130
003 ARRUPE
005 20190507111750.0
008 750128s1963 enk 001 0 eng
010 _a 63005127
015 _aGB63-10828
035 _a(OCoLC)1154284
040 _aDLC
_cMShM
_dOCoLC
_dUk
_dDLC
050 0 0 _aBR843
_b.C48 1963
082 _a209.44
100 1 _aCharlton, D. G.
_q(Donald Geoffrey)
_946308
245 1 0 _aSecular religions in France, 1815-1870.
_cD.G. Charlton
260 _aLondon,
_aNew York,
_bPublished for the University of Hull by the Oxford University Press,
_c1963.
300 _axiii, 249 p.
_c23 cm.
490 0 _aUniversity of Hull publications
650 0 _aSects
_zFrance.
_946309
650 0 _aPhilosophy, French
_y19th century.
_946310
651 0 _aFrance
_xReligion.
_946311
906 _a7
_bcbc
_coclcrpl
_du
_encip
_f19
_gy-gencatlg
942 _2lcc
_cMONOGRAPH